000 00712cam a22002531 4500
001 sa 67002348
003 DLC
005 20260227112330.0
008 890912s1961 ii ac b 000 0 gujo
010 _asa 67002348
035 _a(OCoLC)20331329
040 _aDLC
_cWaU
_dDLC
042 _apremarc
050 0 0 _aPK1850.5
_b.T7
100 1 _aTrivedī, Vishṇuprasāda Ra.,
_d1899-
245 1 0 _aUpāyana.
260 _c1961.
300 _a10, 482 p.
_billus., ports.
_c26 cm.
500 _aIn Gujarati.
504 _aList of the author's works: p. 466-467.
650 0 _aGujarati literature.
700 1 _aDesai, Vrajrai.
710 2 _aŚrī Vishṇuprasāda Trivedī Shashṭipūrti Sanmāna Samiti.
999 _c73212
_d73212